000 00267nam a2200109Ia 4500
008 190216s9999||||xx |||||||||||||| ||und||
100 _aPhylee M V
245 0 _aConstitutional Government In India
260 _bAsia Publishing House
650 _aHistory
942 _cBK
999 _c18944
_d18944